Juventud, recreación y educación extraescolar

Uloženo v:
Podrobná bibliografie
Hlavní autor: González Fiegehen, Luis Eduardo (Autor)
Médium: Kniha
Jazyk:španělština
Vydáno: Santiago PIIE 1981
Témata:
Tagy: Přidat tag
Žádné tagy, Buďte první, kdo vytvoří štítek k tomuto záznamu!

MARC

LEADER 00000nam a2200000 a 4500
001 UCY9038
003 CL-VaPUC
008 950707e19811100CL |||||||||||||||||spa|d
082 0 4 |a 371.89  |b GON  |2 21 
100 |a González Fiegehen, Luis Eduardo  |e author  |9 741274 
245 1 0 |a Juventud, recreación y educación extraescolar 
300 |a 44 p 
942 |c BK 
945 |d 19950707 00:00:00  |a lriquelm 
260 |a Santiago  |b PIIE  |c 1981 
650 7 |a EDUCACION EXTRAESCOLAR  |2 CL-VaPUC  |9 311165 
650 0 |a Juventud  |9 271073 
650 0 |a Tiempo de ocio  |9 340217 
650 7 |a ORGANIZACIONES JUVENILES  |2 CL-VaPUC  |9 334839 
651 7 |a CHILE  |2 CL-VaPUC  |9 341022 
583 |a last modification  |c 19950707 00:00:00  |k Rodrigo Vera 
999 |c 236211  |d 236209 
952 |0 0  |1 0  |4 0  |6 371_890000000000000_GON_1981  |7 0  |8 P  |9 244162  |a BIBEDU  |b BIBEDU  |c BIBEDU_PB  |d 2019-11-18  |i 1527800  |o 371.89 GON 1981  |p 1527800  |r 2024-01-25  |w 2019-11-18  |y BK  |k EDU